| 000 -CABECERA |
| fixed length control field |
02795nam a22003497a 4500 |
| 003 - IDENTIFICADOR DEL NÚMERO DE CONTROL |
| control field |
AR-CdUCM |
| 008 - DATOS DE LONGITUD FIJA--INFORMACIÓN GENERAL |
| fixed length control field |
190425b ||||| |||| 00| 0 spa d |
| 040 ## - FUENTE DE LA CATALOGACIÓN |
| Agencia/entidad que catalogó originalmente la obra |
MUNICIPALIDAD PROVINCIAL DEL CUSCO |
| Entidad que transcribió la catalogación |
BIBLIOTECA MUNICIPAL DEL CUSCO |
| 082 ## - NÚMERO DE LA CLASIFICACIÓN DECIMAL DEWEY |
| No. de Clasificación |
Rev.Univ/N°100/1951 |
| 110 ## - ENTRADA PRINCIPAL--NOMBRE DE ENTIDAD CORPORATIVA |
| Nombre de la institución, jurisdicción como entrada principal |
Universidad Nacional de San Antonio Abad del Cusco |
| 9 (RLIN) |
15942 |
| 245 ## - MENCIÓN DE TÍTULO |
| Título |
Revista Universitaria : |
| Resto del título |
Órgano de la Universidad del Cuzco / |
| 260 ## - PUBLICACIÓN, DISTRIBUCIÓN, ETC. |
| Lugar de publicación, distribución, etc. |
Cusco : |
| Nombre de la editorial, distribuidor, etc. |
H.G. Rozas, |
| Fecha de publicación, distribución, etc. |
1951. |
| 300 ## - DESCRIPCIÓN FÍSICA |
| Nº de Páginas Extensión |
324 páginas. : |
| Dimensiones |
20 cm. |
| 440 ## - MENCIÓN DE SERIE/PUNTO DE ACCESO ADICIONAL--TÍTULO |
| Título |
Revista Universitaria |
| Número de la parte/sección de una obra |
Año XL, 1° semestre 1951, N°100. |
| 9 (RLIN) |
45975 |
| 505 ## - NOTA DE CONTENIDO CON FORMATO |
| Nota de contenido formateada |
Contenido: Nuestro homenaje -- Real cédula de fundación de la Universidad de San Marcos -- La universidad más antigua de América. Luis Antonio Eguiguren. -- Es la Universidad de Lima la más antigua de América. -- Cartas de próceres. Jorge Cornejo Bouroncle. -- Plata labrada. Documentos del Archivo Histórico de Cuzco. -- Inventario de la botica de los jesuitas. Documentos del Archivo Histórico de Cuzco. -- Bolívar en el Cuzco. Jorge Cornejo Bouroncle. -- Fisonomía y actualidad de la legislación de indias. César Augusto Reinaga. -- Julio C. Tello 1880-1947. Manuel K. Lothrop. -- La Universidad Nacional Mayor de San Marcos y el sabio peruano doctor Federico Villareal. Benjamín Rojas Díaz. -- Individualismo y Universidad ante la actitud creadora de la cultura . Astete Abril. -- El Das Man Heideggeriano y la actitud filosófica auténtica. Fernando Manrique. -- Las ciencias sociales frente al espiritualismo. Hugo H. Flórez Ugarte. -- Congreso de Filosofía. Humberto Vidal Unda. -- Justino Zavala Muñiz y su crónica. Luis Velazco Aragón. -- El mundo como unidad económica. Carlos Núñez Anavitarte. -- Una leyenda sobre la fundación del Tahuantinsuyo. Luis Eduardo Enríquez. -- Exposición de motivos del proyecto sustitutorio de reformas de la legislación penal. Francisco Ponce de León. -- La Real y Pontificia Universidad Mayor de San Marcos. Miguel Ángel Nieto. -- Donaciones con motivo del sismo de mayo. |
| 650 ## - PUNTO DE ACCESO ADICIONAL DE MATERIA--TÉRMINO DE MATERIA |
| Descriptor |
Universidades |
| 9 (RLIN) |
2151 |
| 650 ## - PUNTO DE ACCESO ADICIONAL DE MATERIA--TÉRMINO DE MATERIA |
| Descriptor |
Simón Bolívar |
| 9 (RLIN) |
1694 |
| 650 ## - PUNTO DE ACCESO ADICIONAL DE MATERIA--TÉRMINO DE MATERIA |
| Descriptor |
Filosofía |
| 9 (RLIN) |
395 |
| 650 ## - PUNTO DE ACCESO ADICIONAL DE MATERIA--TÉRMINO DE MATERIA |
| Descriptor |
Tawantinsuyu |
| 9 (RLIN) |
1835 |
| 650 ## - PUNTO DE ACCESO ADICIONAL DE MATERIA--TÉRMINO DE MATERIA |
| Descriptor |
Terremoto de 1950 |
| 9 (RLIN) |
45976 |
| 700 ## - PUNTO DE ACCESO ADICIONAL--NOMBRE DE PERSONA |
| Nombre Personal |
Cornejo Bouroncle, Jorge |
| 9 (RLIN) |
15278 |
| 700 ## - PUNTO DE ACCESO ADICIONAL--NOMBRE DE PERSONA |
| Nombre Personal |
Chávez Ballón, Manuel |
| 9 (RLIN) |
45977 |
| 700 ## - PUNTO DE ACCESO ADICIONAL--NOMBRE DE PERSONA |
| Nombre Personal |
Rojas Díaz, Benjamín |
| 9 (RLIN) |
32205 |
| 700 ## - PUNTO DE ACCESO ADICIONAL--NOMBRE DE PERSONA |
| Nombre Personal |
Vidal Unda, Humberto |
| 9 (RLIN) |
45978 |
| 700 ## - PUNTO DE ACCESO ADICIONAL--NOMBRE DE PERSONA |
| Nombre Personal |
Velazco Aragón, Luis |
| 9 (RLIN) |
30611 |
| 700 ## - PUNTO DE ACCESO ADICIONAL--NOMBRE DE PERSONA |
| Nombre Personal |
Eguiguren, Luis Antonio |
| 9 (RLIN) |
25821 |
| 700 ## - PUNTO DE ACCESO ADICIONAL--NOMBRE DE PERSONA |
| Nombre Personal |
Ponce de León, Francisco |
| 9 (RLIN) |
29819 |
| 710 ## - PUNTO DE ACCESO ADICIONAL--NOMBRE DE ENTIDAD CORPORATIVA |
| Nombre corporativo (En letras Mayúsculas) |
Universidad Nacional de San Antonio Abad del Cusco |
| 9 (RLIN) |
15942 |
| 942 ## - ELEMENTOS DE PUNTO DE ACCESO ADICIONAL (KOHA) |
| Fuente de clasificación |
|
| Tipo de item |
Revistas cusqueñas |
| 945 ## - PROCESAMIENTO DE INFORMACIÓN LOCAL (OCLC) |
| Catalogador |
rac |